Score 0/20 Timer 05:00
1 Play Today
% Correct
Finding Nemo
96.3%
Forrest Gump
90.8%
Pursuit of Happyness
76.2%
Big Daddy
70.1%
War of the Worlds
68.8%
Erin Brockovich
65%
Jerry Maguire
63.9%
To Kill a Mockingbird
60.9%
Signs
58.5%
I Am Sam
58.2%
% Correct
E.T. The Extra-Terrestrial
52.2%
Kramer vs. Kramer
47.9%
Sleepless in Seattle
45.9%
About A Boy
33.5%
Definitely, Maybe
24%
The Scarlet Letter
23.6%
The Full Monty
22.6%
The Holiday
20.2%
Baby Boom
16.9%
Pay It Forward
10.2%

You're not logged in!

Compare scores with friends on all Sporcle quizzes.
OR
Log In

Sporcle TV

Today on Sporcle TV


Watch our educational content, quiz creation guides, and fun videos on Sporcle TV.

Show Comments

Extras

Top Quizzes Today


Score Distribution

Paid Content

Your Account Isn't Verified!

In order to create a playlist on Sporcle, you need to verify the email address you used during registration. Go to your Sporcle Settings to finish the process.

Report this User

Report this user for behavior that violates our Community Guidelines.

Details: